[Event "M.Chigorin Memorial 2014"]
[Site "St. Petersburg"]
[Date "2014.10.26"]
[Round "9.78"]
[White "Stetsko, Lanita"]
[Black "Khadzhiev, Valery"]
[Result "1-0"]
[WhiteElo "2291"]
[BlackElo "2134"]
[PlyCount "109"]
[EventDate "2014.10.18"]

1. e4 e6 2. d4 d5 3. e5 c5 4. c3 Qb6 5. Nf3 Bd7 6. a3 Bb5 7. Bxb5+ Qxb5 8. a4
Qd7 9. dxc5 Bxc5 10. b4 Bb6 11. O-O Nc6 12. Bf4 Nge7 13. Na3 O-O 14. Nc2 Ng6
15. Bg3 Rfd8 16. a5 Bc7 17. Re1 Rac8 18. Qe2 Nce7 19. Ncd4 Bb8 20. Qe3 Rc7 21.
h4 Rdc8 22. Rac1 h6 23. h5 Nf8 24. Bf4 a6 25. Bxh6 gxh6 26. Qxh6 Rxc3 27. Rxc3
Rxc3 28. Qg5+ Neg6 29. hxg6 Nxg6 30. Qh6 Rc4 31. Nf5 exf5 32. e6 Qc7 33. Ng5
Qh2+ 34. Qxh2 Bxh2+ 35. Kxh2 fxe6 36. Rxe6 Nf4 37. Rb6 Nd3 38. Rxb7 Nxb4 39.
Nf7 Nc6 40. Nh6+ Kf8 41. Nxf5 Nxa5 42. Rb8+ Kf7 43. Nd6+ Ke6 44. Nxc4 Nxc4 45.
Kg3 a5 46. Ra8 Ke5 47. Kf3 Kd4 48. g4 Kc3 49. g5 d4 50. g6 Ne5+ 51. Ke4 Nxg6
52. Rxa5 Nf8 53. Ra3+ Kb4 54. Rd3 Ne6 55. Rxd4+ 1-0

[Event "M.Chigorin Memorial 2014"]
[Site "St. Petersburg"]
[Date "2014.10.26"]
[Round "9.79"]
[White "Reshetnikov, Ruslan"]
[Black "Palachev, Petr"]
[Result "0-1"]
[WhiteElo "2106"]
[BlackElo "2288"]
[PlyCount "94"]
[EventDate "2014.10.18"]

1. d4 d5 2. c4 e6 3. Nc3 c6 4. Nf3 Nf6 5. cxd5 exd5 6. Qc2 Be7 7. Bg5 g6 8. e3
Bf5 9. Bd3 Bxd3 10. Qxd3 O-O 11. O-O Nbd7 12. Bxf6 Nxf6 13. Rab1 a5 14. Qc2 Bd6
15. g3 Re8 16. a3 Qe7 17. Rfc1 h5 18. Re1 Qe6 19. Kg2 Kg7 20. Ne2 Ne4 21. Nc3
Qf5 22. Rbc1 Re7 23. Nh4 Qe6 24. f3 Nxc3 25. bxc3 Bxa3 26. Ra1 Bd6 27. e4 dxe4
28. fxe4 b5 29. Nf3 Bc7 30. d5 cxd5 31. exd5 Qd6 32. c4 Rxe1 33. Rxe1 bxc4 34.
Qxc4 a4 35. Nd4 Bb6 36. Nb5 Qc5 37. Qxc5 Bxc5 38. d6 a3 39. d7 Rd8 40. Ra1 Rxd7
41. Nxa3 Rd2+ 42. Kh1 h4 43. Nc4 Rc2 44. Ne5 Bd4 45. Re1 Bc3 46. Re3 h3 47. Nd3
Rd2 0-1

[Event "M.Chigorin Memorial 2014"]
[Site "St. Petersburg"]
[Date "2014.10.26"]
[Round "9.80"]
[White "Yeletsky, Ivan"]
[Black "Okun, Evgeny"]
[Result "1-0"]
[WhiteElo "2284"]
[BlackElo "2108"]
[PlyCount "111"]
[EventDate "2014.10.18"]

1. e4 c5 2. Nf3 g6 3. d4 cxd4 4. Qxd4 Nf6 5. e5 Nc6 6. Qa4 Nd5 7. Qe4 Nc7 8.
Nc3 Bg7 9. Bc4 Ne6 10. O-O O-O 11. Qh4 Nxe5 12. Nxe5 Bxe5 13. Nd5 Bf6 14. Nxf6+
exf6 15. Bh6 Ng7 16. Rad1 d6 17. Qf4 Be6 18. Bxg7 Kxg7 19. Bxe6 fxe6 20. Rxd6
Qc7 21. Qb4 Rae8 22. Rfd1 Qxc2 23. Rd7+ Rf7 24. Rxf7+ Kxf7 25. Rd7+ Kg8 26. h4
g5 27. g3 Qc1+ 28. Kh2 Qf1 29. Qd4 Qb5 30. hxg5 Qxg5 31. Qxa7 Qh5+ 32. Kg2 b5
33. Qd4 e5 34. Qd5+ Kh8 35. Qxb5 Qg6 36. Qd3 e4 37. Qe3 Qg4 38. Rb7 Qg6 39. a4
Re5 40. b4 Qg4 41. Qf4 Qg6 42. Rb6 e3 43. Rxf6 Qe4+ 44. Qxe4 Rxe4 45. fxe3 Rxb4
46. Rf4 Rb2+ 47. Kf3 Ra2 48. Rf8+ Kg7 49. Ra8 Ra3 50. a5 Ra4 51. e4 Ra1 52. a6
Rf1+ 53. Ke2 Rf7 54. Ke3 Rd7 55. a7 Re7 56. Rg8+ 1-0

[Event "M.Chigorin Memorial 2014"]
[Site "St. Petersburg"]
[Date "2014.10.26"]
[Round "9.81"]
[White "Bodnaruk, Anastasia"]
[Black "Ivanov, Rostislav"]
[Result "1-0"]
[WhiteElo "2440"]
[BlackElo "2129"]
[PlyCount "51"]
[EventDate "2014.10.18"]

1. e4 c5 2. Nf3 d6 3. d4 cxd4 4. Nxd4 Nf6 5. Nc3 a6 6. h3 e5 7. Nde2 b5 8. g4
Bb7 9. Bg2 h6 10. O-O Nbd7 11. Ng3 g6 12. a3 Rc8 13. Qe2 Bg7 14. Rd1 Nb6 15. f4
Qc7 16. f5 O-O 17. h4 Rfe8 18. g5 Nh7 19. Rf1 d5 20. f6 Bf8 21. h5 d4 22. hxg6
dxc3 23. gxh7+ Kxh7 24. Qh5 cxb2 25. Bxb2 Nc4 26. Nf5 1-0

[Event "M.Chigorin Memorial 2014"]
[Site "St. Petersburg"]
[Date "2014.10.26"]
[Round "9.82"]
[White "Chashchev, Sergey"]
[Black "Gurvich, Vitaly"]
[Result "0-1"]
[WhiteElo "2390"]
[BlackElo "2106"]
[PlyCount "98"]
[EventDate "2014.10.18"]

1. Nf3 Nf6 2. d4 g6 3. c4 Bg7 4. Nc3 O-O 5. Bf4 d6 6. h3 c5 7. e3 Qa5 8. Qd2
cxd4 9. exd4 Nc6 10. Be2 e5 11. Be3 exd4 12. Nxd4 Nxd4 13. Bxd4 Ne4 14. Qe3
Bxd4 15. Qxd4 Nxc3 16. Qxc3 Qxc3+ 17. bxc3 Be6 18. Rd1 Rfd8 19. a3 Rac8 20. Rd4
d5 21. cxd5 Rxc3 22. O-O Rxd5 23. Ra4 a6 24. Rb1 Bd7 25. Rf4 b5 26. a4 g5 27.
Rf6 Rc6 28. Rxc6 Bxc6 29. axb5 Bxb5 30. Bf3 Rd6 31. Rb4 Kg7 32. h4 h6 33. hxg5
hxg5 34. Bb7 f5 35. f3 Kf6 36. Rb2 Ke5 37. Kf2 Rd7 38. f4+ Kxf4 39. Bc8 Rc7 40.
Be6 Ke5 41. Ba2 Rc3 42. Kg1 g4 43. Kh2 f4 44. Rd2 Rc1 45. Rd5+ Ke4 46. Rd8 Ke3
47. Be6 Be2 48. g3 Kf2 49. Bxg4 fxg3+ 0-1

[Event "M.Chigorin Memorial 2014"]
[Site "St. Petersburg"]
[Date "2014.10.26"]
[Round "9.83"]
[White "Gritsayeva, Oksana"]
[Black "Grinblat, Artemiy"]
[Result "1-0"]
[WhiteElo "2364"]
[BlackElo "2100"]
[PlyCount "91"]
[EventDate "2014.10.18"]

1. e4 e6 2. d4 d5 3. Nd2 Nf6 4. Bd3 c5 5. c3 Nc6 6. Ngf3 cxd4 7. cxd4 dxe4 8.
Nxe4 Be7 9. O-O O-O 10. Nc3 b6 11. Re1 Bb7 12. a3 Rc8 13. Bc2 Qd7 14. Qd3 g6
15. Bh6 Rfd8 16. Rad1 Nd5 17. Nxd5 Qxd5 18. Bb3 Qh5 19. Qe3 Qf5 20. Bg5 Bf6 21.
d5 exd5 22. Bxd5 Na5 23. Bxf6 Qxf6 24. Bxb7 Nxb7 25. Rxd8+ Rxd8 26. h4 h5 27.
Qe7 Qxe7 28. Rxe7 Rd1+ 29. Kh2 Nc5 30. b4 Nd3 31. Kg3 Ra1 32. Rxa7 Nxb4 33. Ne5
Nc2 34. a4 Ra3+ 35. Kf4 Nd4 36. Kg5 Ra2 37. f4 Rxg2+ 38. Kf6 Rf2 39. Nxf7 Rxf4+
40. Kxg6 Rg4+ 41. Ng5 Kf8 42. Kxh5 Rg1 43. Rd7 Ne2 44. Rb7 Nf4+ 45. Kh6 Rg4 46.
Nh7+ 1-0

[Event "M.Chigorin Memorial 2014"]
[Site "St. Petersburg"]
[Date "2014.10.26"]
[Round "9.84"]
[White "Musaev, Rasul"]
[Black "Skvortsov, Alexander"]
[Result "1-0"]
[WhiteElo "2316"]
[BlackElo "2099"]
[PlyCount "79"]
[EventDate "2014.10.18"]

1. e4 c5 2. Nf3 e6 3. d4 cxd4 4. Nxd4 a6 5. Nc3 Qc7 6. Bd3 Nf6 7. O-O b5 8. Qe2
d6 9. a4 b4 10. Na2 d5 11. e5 Nfd7 12. Bf4 Nc6 13. Nxc6 Qxc6 14. Bd2 Qc7 15. f4
Be7 16. Rf3 g6 17. Kh1 a5 18. c3 b3 19. Nc1 Nc5 20. Bb5+ Bd7 21. Be3 Rb8 22.
Bxc5 Qxc5 23. Bxd7+ Kxd7 24. Rd3 Qc4 25. Qf3 Rhc8 26. g4 Qa6 27. f5 Rc4 28. Ne2
Rxg4 29. Rxd5+ exd5 30. Qxg4 Ke8 31. Rd1 gxf5 32. Qg8+ Bf8 33. Qg2 Rd8 34. Nd4
Qg6 35. Qf1 Bg7 36. Qb5+ Kf8 37. Rg1 Qh5 38. Qc5+ Kg8 39. Qe7 Rf8 40. Qf6 1-0

[Event "M.Chigorin Memorial 2014"]
[Site "St. Petersburg"]
[Date "2014.10.26"]
[Round "9.85"]
[White "¬, Pier Luigi"]
[Black "Sorokopudov, Vladimir M"]
[Result "1-0"]
[WhiteElo "2312"]
[BlackElo "2091"]
[PlyCount "61"]
[EventDate "2014.10.18"]

1. c4 c6 2. g3 Nf6 3. Bg2 d5 4. Nf3 e6 5. b3 Be7 6. Bb2 O-O 7. O-O Nbd7 8. Qc2
b6 9. d3 Bb7 10. Nbd2 Qc7 11. e4 Rac8 12. Rac1 dxc4 13. dxc4 c5 14. e5 Ne8 15.
Ne4 Bc6 16. Bh3 Qb7 17. Neg5 g6 18. Rcd1 Ng7 19. Rfe1 Rcd8 20. Ne4 Bxe4 21.
Qxe4 Qxe4 22. Rxe4 Nb8 23. Ree1 Rxd1 24. Rxd1 Rd8 25. Rxd8+ Bxd8 26. Nd2 Nc6
27. Bg2 Nb4 28. a3 Na6 29. Ne4 Nc7 30. Nd6 Nge8 31. Nc8 1-0

[Event "M.Chigorin Memorial 2014"]
[Site "St. Petersburg"]
[Date "2014.10.26"]
[Round "9.86"]
[White "Pimenov, Valeri"]
[Black "Donskov, Anatoly"]
[Result "1/2-1/2"]
[WhiteElo "2118"]
[BlackElo "2309"]
[PlyCount "87"]
[EventDate "2014.10.18"]

1. e4 c5 2. Nf3 Nc6 3. Bb5 Qc7 4. O-O d6 5. Re1 Bd7 6. c3 g6 7. d4 Bg7 8. Bf4
e5 9. dxe5 Nxe5 10. Bxd7+ Qxd7 11. Na3 Ne7 12. Bxe5 Bxe5 13. Nc4 Qc7 14. Nfxe5
dxe5 15. Qd6 Rc8 16. Qxe5 Qxe5 17. Nxe5 Nc6 18. Nxc6 Rxc6 19. Rad1 Ke7 20. c4
Rb6 21. b3 Ra6 22. Re2 Ra3 23. Kf1 a5 24. Rd5 Rd8 25. Rxc5 Rd1+ 26. Re1 Rd2 27.
Ra1 a4 28. Rc7+ Kd6 29. Rxb7 Rb2 30. Ra7 Rbxb3 31. Ra6+ Ke7 32. Ra7+ Ke6 33.
Ra6+ Ke7 34. axb3 Rxa1+ 35. Ke2 Ra2+ 36. Ke3 axb3 37. Rb6 Rb2 38. h4 h5 39. g3
Rb1 40. Kd4 b2 41. Kc5 Kd7 42. Rb7+ Ke6 43. Rb4 Ke5 44. f3 1/2-1/2

[Event "M.Chigorin Memorial 2014"]
[Site "St. Petersburg"]
[Date "2014.10.26"]
[Round "9.87"]
[White "Aseev, Vladimir"]
[Black "Shemeakin, Alexander"]
[Result "0-1"]
[WhiteElo "2094"]
[BlackElo "2270"]
[PlyCount "90"]
[EventDate "2014.10.18"]

1. Nf3 d5 2. g3 Nf6 3. Bg2 c6 4. O-O Bf5 5. d3 h6 6. Nbd2 e6 7. b3 Be7 8. Bb2
O-O 9. Qe1 Bh7 10. e4 a5 11. a3 c5 12. Qe2 Nc6 13. e5 Nd7 14. c4 Nb6 15. Rad1
a4 16. Ne1 d4 17. Rb1 axb3 18. Nxb3 Na4 19. f4 Qd7 20. Be4 Nc3 21. Bxh7+ Kxh7
22. Bxc3 dxc3 23. Qe4+ Kg8 24. Nc2 Rfd8 25. Rf3 Ra4 26. Qe1 Nd4 27. Nbxd4 cxd4
28. Rb3 Bc5 29. Kg2 Rda8 30. g4 R4a7 31. f5 Bxa3 32. f6 Bf8 33. Rf4 Ra2 34. Qb1
gxf6 35. Rf2 R8a7 36. exf6 e5 37. Qd1 Rb2 38. Rb5 Rxb5 39. cxb5 e4 40. g5 e3
41. Rf4 Ra2 42. Kg1 Qe6 43. Re4 Qf5 44. gxh6 Qf2+ 45. Kh1 Rxc2 0-1

[Event "M.Chigorin Memorial 2014"]
[Site "St. Petersburg"]
[Date "2014.10.26"]
[Round "9.88"]
[White "Fraiman, Dmitry"]
[Black "Molchanova, Tatjana"]
[Result "1/2-1/2"]
[WhiteElo "2093"]
[BlackElo "2265"]
[PlyCount "103"]
[EventDate "2014.10.18"]

1. e4 c6 2. d4 d5 3. exd5 cxd5 4. Bd3 Nc6 5. c3 g6 6. Nf3 Bg7 7. Bf4 Nf6 8. O-O
O-O 9. Nbd2 Nh5 10. Be3 Qd6 11. Re1 Nf4 12. Bc2 Qf6 13. h3 Bf5 14. Bxf4 Bxc2
15. Qxc2 Qxf4 16. Rad1 e6 17. Nb3 Qc7 18. Qd2 Na5 19. Nxa5 Qxa5 20. a3 b5 21.
Ne5 Qc7 22. h4 h5 23. Nd3 Kh7 24. Qg5 Bh6 25. Qf6 Qd8 26. Qxd8 Rfxd8 27. Ra1 a5
28. a4 b4 29. cxb4 axb4 30. f4 Rdc8 31. Kf2 Bg7 32. Ne5 Bxe5 33. fxe5 Rc4 34.
Ke3 Kg7 35. Red1 f6 36. exf6+ Kxf6 37. Rf1+ Ke7 38. g3 Kd6 39. Rf6 Rc2 40. Rf2
Rxf2 41. Kxf2 e5 42. dxe5+ Kxe5 43. Ke3 d4+ 44. Kd3 Kd5 45. b3 Rf8 46. a5 Rf3+
47. Kd2 Rf2+ 48. Kd3 Rf3+ 49. Kd2 Rf2+ 50. Kd3 Rf3+ 51. Kd2 Rf2+ 52. Kd3
1/2-1/2

[Event "M.Chigorin Memorial 2014"]
[Site "St. Petersburg"]
[Date "2014.10.26"]
[Round "9.89"]
[White "Davletbayeva, Madina"]
[Black "Alieva, Alexandra"]
[Result "1-0"]
[WhiteElo "2263"]
[BlackElo "2085"]
[PlyCount "85"]
[EventDate "2014.10.18"]

1. e4 c5 2. Nf3 e6 3. c4 Nc6 4. Be2 Nf6 5. Nc3 d5 6. exd5 exd5 7. d4 Bg4 8. O-O
dxc4 9. d5 Bxf3 10. Bxf3 Nd4 11. Be3 Nf5 12. Re1 Be7 13. Bxc5 O-O 14. Bxe7 Nxe7
15. Qd4 Nf5 16. Qxc4 Nd6 17. Qf4 Rc8 18. h3 b5 19. a4 Rc4 20. Qe3 b4 21. Nb5
Nxb5 22. axb5 Nxd5 23. Qxa7 Nb6 24. Qe7 Qd4 25. Rad1 Qc5 26. b3 Rc3 27. Qxc5
Rxc5 28. Bc6 g6 29. Re4 Nc8 30. Rxb4 Na7 31. Bd7 Rb8 32. Ra1 Rc7 33. b6 Nc6 34.
Bxc6 Rxc6 35. Ra6 Kg7 36. g4 g5 37. Rb5 Kg6 38. Kg2 h5 39. b4 hxg4 40. hxg4 Re6
41. Rc5 f6 42. b5 Re4 43. Rc7 1-0

[Event "M.Chigorin Memorial 2014"]
[Site "St. Petersburg"]
[Date "2014.10.26"]
[Round "9.90"]
[White "Shpartko, Grigory"]
[Black "Pershin, Denis"]
[Result "1-0"]
[WhiteElo "2094"]
[BlackElo "2263"]
[PlyCount "64"]
[EventDate "2014.10.18"]

1. c4 Nf6 2. d4 e6 3. Nf3 b6 4. a3 c5 5. Nc3 cxd4 6. Nxd4 Bb7 7. e3 d6 8. Be2
Bxg2 9. Rg1 Bb7 10. Bf3 Qd7 11. b3 Nc6 12. Bb2 Nxd4 13. Bxb7 Qxb7 14. Qxd4 Rg8
15. O-O-O Be7 16. Nb5 O-O-O 17. Qf4 e5 18. Qf5+ Kb8 19. f4 Qf3 20. Rg3 Qe4 21.
Qh3 exf4 22. exf4 Qxf4+ 23. Kb1 Ne4 24. Rg4 Nd2+ 25. Kc2 Qf3 26. Rg3 Qe4+ 27.
Kxd2 d5 28. c5 Rc8 29. Re1 Qh4 30. Be5+ Ka8 31. Qd7 Bg5+ 32. Kd3 bxc5 1-0

[Event "M.Chigorin Memorial 2014"]
[Site "St. Petersburg"]
[Date "2014.10.26"]
[Round "9.91"]
[White "Melnikov, Dmitry"]
[Black "Mezentsev, Ivan"]
[Result "1-0"]
[WhiteElo "2260"]
[BlackElo "2080"]
[PlyCount "87"]
[EventDate "2014.10.18"]

1. e4 e6 2. d4 d5 3. Nc3 Nf6 4. Bg5 Be7 5. e5 Nfd7 6. Bxe7 Qxe7 7. Qd2 a6 8.
Nd1 c5 9. c3 Nc6 10. f4 O-O 11. Nf3 b5 12. Bd3 b4 13. O-O a5 14. f5 exf5 15.
Bxf5 bxc3 16. bxc3 cxd4 17. cxd4 Nb6 18. Bxh7+ Kxh7 19. Qc2+ Kg8 20. Qxc6 Rb8
21. Ne3 Be6 22. Qc2 Rfc8 23. Qf2 Na4 24. Qg3 Nc3 25. Rae1 Rb2 26. Ng5 Ne2+ 27.
Rxe2 Rxe2 28. Qh4 Qd7 29. Qh7+ Kf8 30. Qh8+ Ke7 31. Qxg7 Rf8 32. Nh7 Qc8 33.
Nxf8 Qxf8 34. Nf5+ Ke8 35. Nd6+ Ke7 36. Qg5+ Kd7 37. Nxf7 Rxa2 38. Nd6 Qe7 39.
Qc1 Qd8 40. Qb1 Rd2 41. Qb5+ Ke7 42. Qc5 Kd7 43. Rb1 Ke7 44. Nb7+ 1-0

[Event "M.Chigorin Memorial 2014"]
[Site "St. Petersburg"]
[Date "2014.10.26"]
[Round "9.92"]
[White "Ganichev, Alexander"]
[Black "Pronin, Vladimir"]
[Result "1-0"]
[WhiteElo "2247"]
[BlackElo "2053"]
[PlyCount "53"]
[EventDate "2014.10.18"]

1. e4 c5 2. Nf3 d6 3. d4 Nf6 4. dxc5 Nxe4 5. cxd6 Nc6 6. Na3 Qxd6 7. Be3 Qxd1+
8. Rxd1 Nd6 9. Nb5 Nxb5 10. Bxb5 Bd7 11. O-O a6 12. Ba4 f6 13. Bb6 e5 14. Nd2
Rc8 15. Ne4 Nb8 16. Rxd7 Nxd7 17. Rd1 Rc6 18. Bxc6 bxc6 19. Ba5 Be7 20. Nd6+
Kf8 21. Nf5 Nb8 22. Bd8 Bc5 23. Bxf6 Kf7 24. Bxe5 Ke6 25. Bxg7 Rg8 26. Bd4 Rd8
27. Rd3 1-0

[Event "M.Chigorin Memorial 2014"]
[Site "St. Petersburg"]
[Date "2014.10.26"]
[Round "9.93"]
[White "Tugarin, Anton"]
[Black "Zhdanov, Petr"]
[Result "1/2-1/2"]
[WhiteElo "2242"]
[BlackElo "2040"]
[PlyCount "89"]
[EventDate "2014.10.18"]

1. Nf3 Nf6 2. c4 c5 3. Nc3 g6 4. d4 cxd4 5. Nxd4 Bg7 6. e4 d6 7. Be2 O-O 8. O-O
Nc6 9. Be3 Bd7 10. f3 a6 11. Qd2 Nxd4 12. Bxd4 Rc8 13. Rac1 Re8 14. b3 Qa5 15.
Qd3 Qg5 16. Be3 Qa5 17. Bd2 Qe5 18. Kh1 h5 19. Be3 Qa5 20. a4 Be6 21. f4 Bg4
22. Nd5 Nxd5 23. exd5 Bf5 24. Qd2 Qxd2 25. Bxd2 e6 26. dxe6 Rxe6 27. Bf3 Be4
28. Bxe4 Rxe4 29. f5 Re2 30. Rcd1 Be5 31. Rf3 d5 32. fxg6 fxg6 33. Bf4 dxc4 34.
bxc4 Rxc4 35. Bxe5 Rxe5 36. Rf6 Rxa4 37. Rxg6+ Kf7 38. Rh6 h4 39. h3 Re2 40.
Rd7+ Kg8 41. Rg6+ Kf8 42. Rb6 Ra1+ 43. Kh2 Re7 44. Rbxb7 Rxd7 45. Rxd7 1/2-1/2

[Event "M.Chigorin Memorial 2014"]
[Site "St. Petersburg"]
[Date "2014.10.26"]
[Round "9.94"]
[White "Belova, Olga"]
[Black "Pletnev, Evgeniy"]
[Result "1-0"]
[WhiteElo "2080"]
[BlackElo "2234"]
[PlyCount "73"]
[EventDate "2014.10.18"]

1. e4 d5 2. exd5 Qxd5 3. Nf3 Nf6 4. d4 Bg4 5. Be2 Nc6 6. c4 Qf5 7. Be3 e6 8.
Nc3 Bd6 9. a3 Rd8 10. h3 Bxf3 11. Bxf3 e5 12. d5 Nd4 13. Bxd4 exd4 14. Qxd4 O-O
15. O-O c5 16. Qd2 Bf4 17. Qd1 h5 18. Qb1 Qe5 19. Re1 Qg5 20. Ne4 Nxe4 21. Qxe4
Rd6 22. b4 b6 23. bxc5 bxc5 24. Qe7 Rf6 25. Rab1 Bd6 26. Qe3 Qh4 27. Rb7 g5 28.
Bd1 g4 29. Rf1 Bf4 30. Qd3 Rg6 31. Kh1 Re8 32. Bc2 Rg7 33. d6 Qf6 34. d7 Rd8
35. Re1 Rg6 36. Qf5 gxh3 37. Qxf6 1-0

[Event "M.Chigorin Memorial 2014"]
[Site "St. Petersburg"]
[Date "2014.10.26"]
[Round "9.95"]
[White "Davydov, Sergey P"]
[Black "Sindarov, Javokhir"]
[Result "1/2-1/2"]
[WhiteElo "2228"]
[BlackElo "1994"]
[PlyCount "80"]
[EventDate "2014.10.18"]

1. d4 Nf6 2. Nf3 d5 3. c4 dxc4 4. e3 e6 5. Bxc4 c5 6. Nc3 a6 7. a4 Nc6 8. O-O
cxd4 9. exd4 Be7 10. Bg5 O-O 11. h3 Nd5 12. Bxe7 Ncxe7 13. Qb3 b6 14. Nxd5 exd5
15. Bd3 Bf5 16. Rfe1 Bxd3 17. Qxd3 Qd6 18. Rac1 a5 19. Qb5 Rac8 20. g3 g6 21.
Kg2 Nf5 22. Rxc8 Rxc8 23. Re8+ Rxe8 24. Qxe8+ Qf8 25. Qb5 Qd6 26. Qe8+ Qf8 27.
Qe5 Qd6 28. g4 Qxe5 29. Nxe5 Nxd4 30. Nd7 b5 31. axb5 Nxb5 32. Nf6+ Kg7 33.
Nxd5 a4 34. Kf3 a3 35. bxa3 Nxa3 36. Ke4 Nc4 37. Kd4 Nd6 38. Ke5 Nc4+ 39. Kd4
Nd6 40. Ke5 Nc4+ 1/2-1/2

[Event "M.Chigorin Memorial 2014"]
[Site "St. Petersburg"]
[Date "2014.10.26"]
[Round "9.96"]
[White "Kolodkin, Daniil"]
[Black "Kharmunova, Nadezhda"]
[Result "1/2-1/2"]
[WhiteElo "2072"]
[BlackElo "2206"]
[PlyCount "108"]
[EventDate "2014.10.18"]

1. e4 c6 2. d4 d5 3. Nd2 dxe4 4. Nxe4 Nf6 5. Nxf6+ gxf6 6. Nf3 Bf5 7. Bd3 Bxd3
8. Qxd3 Nd7 9. Bf4 Qa5+ 10. Bd2 Qc7 11. O-O-O O-O-O 12. c4 e6 13. Bc3 Bd6 14.
Kb1 Kb8 15. Qc2 Ka8 16. g3 b5 17. cxb5 cxb5 18. Qe4+ Qb7 19. Qxb7+ Kxb7 20. d5
e5 21. Nh4 Nb6 22. Ba5 Rd7 23. Bxb6 Kxb6 24. Nf5 Bc5 25. Rd2 Rg8 26. h4 a5 27.
Rc1 Rgd8 28. Rcd1 Kb7 29. d6 Bb6 30. Ne7 b4 31. f3 Be3 32. Rd3 Bf2 33. Nf5 Rc8
34. R3d2 Bb6 35. g4 Rc4 36. Ng3 Bd4 37. Ne4 Rd8 38. Nxf6 Rxd6 39. Nxh7 Rh6 40.
Ng5 Rxh4 41. Nxf7 Rc7 42. Nd6+ Kb6 43. Nf5 Rh3 44. f4 Rf3 45. Nxd4 exd4 46.
Rxd4 Rf2 47. Rd6+ Kb7 48. Rd7 Rxf4 49. Rxc7+ Kxc7 50. Rg1 Kd6 51. g5 Ke7 52. g6
Kf8 53. Rg2 a4 54. Kc2 Rf3 1/2-1/2

[Event "M.Chigorin Memorial 2014"]
[Site "St. Petersburg"]
[Date "2014.10.26"]
[Round "9.97"]
[White "Minasyan, Arnold"]
[Black "Selivanov, Ivan"]
[Result "1-0"]
[WhiteElo "2204"]
[BlackElo "2000"]
[PlyCount "111"]
[EventDate "2014.10.18"]

1. e4 c5 2. Nf3 a6 3. c4 e6 4. d4 cxd4 5. Nxd4 Qc7 6. Nc3 Nf6 7. Bd3 Be7 8. O-O
d6 9. Be3 Nbd7 10. f4 b6 11. b4 b5 12. Qb3 bxc4 13. Bxc4 d5 14. exd5 Nb6 15.
Nc6 Nxc4 16. Qxc4 exd5 17. Nxd5 Nxd5 18. Qxd5 Bb7 19. Rac1 Bxc6 20. Rxc6 Qb7
21. f5 O-O 22. a3 a5 23. f6 Bxf6 24. Rfxf6 gxf6 25. Bh6 Qe7 26. Qd1 Kh8 27.
Bxf8 Qe3+ 28. Kh1 Rxf8 29. Qf3 Qxf3 30. gxf3 axb4 31. axb4 Rb8 32. Rc4 Ra8 33.
Kg2 Ra2+ 34. Kg3 Rb2 35. h4 Kg7 36. Kg4 Rb3 37. Rf4 Kg6 38. Kg3 Rb2 39. Rc4 Rb3
40. Kf2 Rb2+ 41. Ke3 Rb3+ 42. Kd4 Rxf3 43. b5 Ra3 44. b6 Kf5 45. Kc5 Ra8 46.
Kd6 h6 47. b7 Rb8 48. Kc7 Rxb7+ 49. Kxb7 Ke5 50. Rc5+ Ke4 51. Rh5 f5 52. Rxh6
Ke5 53. h5 f4 54. Ra6 f3 55. h6 f2 56. Ra1 1-0

[Event "M.Chigorin Memorial 2014"]
[Site "St. Petersburg"]
[Date "2014.10.26"]
[Round "9.98"]
[White "Svidinsky, Dmitry"]
[Black "Baraeva, Irina"]
[Result "1-0"]
[WhiteElo "2039"]
[BlackElo "2197"]
[PlyCount "67"]
[EventDate "2014.10.18"]

1. d4 d5 2. Nf3 Nf6 3. c4 c6 4. e3 Bg4 5. Qb3 Qb6 6. Ne5 Bh5 7. Nc3 e6 8. Bd2
Be7 9. Bd3 O-O 10. c5 Qc7 11. f4 b6 12. cxb6 axb6 13. Rc1 c5 14. Na4 c4 15. Qb5
Nfd7 16. Bc2 f5 17. Nxd7 Nxd7 18. Bb4 Qd8 19. O-O Be8 20. b3 Rb8 21. Bxe7 Qxe7
22. Qa6 b5 23. Nc3 b4 24. Na4 Bh5 25. Bd1 Bxd1 26. Rfxd1 Ra8 27. Qb5 Rfb8 28.
Qc6 Rc8 29. Qb5 Qd6 30. bxc4 dxc4 31. Nc5 Nxc5 32. dxc5 Qxc5 33. Rd8+ Kf7 34.
Qxc5 1-0

[Event "M.Chigorin Memorial 2014"]
[Site "St. Petersburg"]
[Date "2014.10.26"]
[Round "9.99"]
[White "Sukhareva, Evgeniya"]
[Black "Petrushev., Nikita"]
[Result "1-0"]
[WhiteElo "2196"]
[BlackElo "1974"]
[PlyCount "93"]
[EventDate "2014.10.18"]

1. d4 Nf6 2. c4 g6 3. Nf3 Bg7 4. g3 d5 5. cxd5 Nxd5 6. Bg2 O-O 7. O-O c6 8. Nc3
Nb6 9. h3 h6 10. Qc2 Be6 11. Rd1 Qc8 12. Kh2 Rd8 13. e4 Na6 14. b3 Nb4 15. Qb2
Qd7 16. Be3 Qe8 17. Rac1 Rac8 18. Qa3 Na6 19. Ng1 Ra8 20. Nge2 f6 21. d5 cxd5
22. exd5 Bc8 23. Nd4 Nc7 24. Qa5 Bd7 25. Re1 Qf8 26. d6 exd6 27. Bxb7 Rab8 28.
Qxa7 Nba8 29. Nc6 Bxc6 30. Bxc6 f5 31. Nd5 Nb5 32. Bxb5 Rxb5 33. Ne7+ Kh7 34.
Nc6 Rc8 35. Ne7 Re8 36. Nc6 Rc8 37. Nd4 Rxc1 38. Rxc1 Re5 39. Qa6 Re8 40. Nf3
Qe7 41. Rc6 Qe4 42. Nd2 Qb4 43. Rxd6 g5 44. Rd7 Nc7 45. Qf6 Ne6 46. Qxf5+ Kg8
47. Qf7+ 1-0

[Event "M.Chigorin Memorial 2014"]
[Site "St. Petersburg"]
[Date "2014.10.26"]
[Round "9.101"]
[White "Denishev, Marat"]
[Black "Borisovsky, Dmitry"]
[Result "1-0"]
[WhiteElo "2183"]
[BlackElo "1973"]
[PlyCount "79"]
[EventDate "2014.10.18"]

1. e4 c5 2. c3 d5 3. exd5 Qxd5 4. d4 Nc6 5. Nf3 Bf5 6. Be3 cxd4 7. cxd4 Bxb1 8.
Qxb1 e6 9. a3 Nf6 10. Bd3 Be7 11. O-O O-O 12. b4 Rac8 13. Rd1 h6 14. h3 Qd6 15.
Qb3 Nd5 16. Rac1 a5 17. b5 Nb8 18. a4 Qa3 19. Qxa3 Bxa3 20. Rxc8 Rxc8 21. Bd2
b6 22. Ne5 f6 23. Nc4 Be7 24. Ne3 Nb4 25. Bc4 Kf7 26. Bb3 Nd7 27. f4 g6 28. g4
Nd5 29. Nxd5 exd5 30. Bxd5+ Kf8 31. f5 g5 32. Bc6 Rc7 33. Re1 Bb4 34. Bxb4+
axb4 35. Rb1 Ke7 36. Rxb4 Kd6 37. Rb1 Ra7 38. Re1 Nf8 39. Re8 Nh7 40. Re6+ 1-0

[Event "M.Chigorin Memorial 2014"]
[Site "St. Petersburg"]
[Date "2014.10.26"]
[Round "9.102"]
[White "Soldatov, Arnold"]
[Black "Abdusattorov, Nodirbek"]
[Result "0-1"]
[WhiteElo "1984"]
[BlackElo "2179"]
[PlyCount "108"]
[EventDate "2014.10.18"]

1. d4 Nf6 2. Nf3 e6 3. Bf4 Nc6 4. e3 g6 5. Be2 Bg7 6. c4 d6 7. Nc3 O-O 8. O-O
h6 9. h3 b6 10. Nd2 Bb7 11. Bf3 Rb8 12. Nde4 Nxe4 13. Bxe4 Kh7 14. a3 f5 15.
Bc2 e5 16. dxe5 dxe5 17. Bh2 Na5 18. Qe2 Qh4 19. Rad1 Rbd8 20. Nb5 Ba6 21. b3
c6 22. Nc7 Bc8 23. b4 Nxc4 24. Bg3 Qe7 25. Qxc4 Qxc7 26. Ba4 c5 27. Rc1 f4 28.
Bh2 f3 29. bxc5 fxg2 30. Kxg2 bxc5 31. Qxc5 Qf7 32. Bc6 Qe6 33. Kh1 Ba6 34. Rg1
Rc8 35. Qd5 Rxc6 36. Qxc6 Qxc6+ 37. Rxc6 Bb7 38. Rgxg6 Bf6 39. Rg4 Bxc6+ 40.
Kg1 Rd8 41. f3 Bxf3 42. Ra4 Rd7 43. Kf2 e4 44. Bg3 Bc3 45. Bb8 a5 46. Rc4 Bf6
47. Kg3 Bg5 48. Rc3 Rd1 49. Rc7+ Kg8 50. Ba7 Rg1+ 51. Kf2 Rg2+ 52. Kf1 Rh2 53.
Rc8+ Kf7 54. Rc7+ Ke8 0-1

[Event "M.Chigorin Memorial 2014"]
[Site "St. Petersburg"]
[Date "2014.10.26"]
[Round "9.103"]
[White "Pustovidko, Anastasia"]
[Black "Tukubayev, K."]
[Result "1-0"]
[WhiteElo "1955"]
[BlackElo "2160"]
[PlyCount "63"]
[EventDate "2014.10.18"]

1. Nf3 Nf6 2. c4 e6 3. Nc3 b6 4. g3 Bb7 5. Bg2 c5 6. O-O Be7 7. d3 O-O 8. e4 d6
9. Ne1 Qc8 10. f4 Nbd7 11. g4 Rd8 12. g5 Ne8 13. Nc2 a6 14. Ne3 Nc7 15. Qh5 b5
16. Rf3 bxc4 17. Rh3 Nf8 18. dxc4 f6 19. b3 Qd7 20. Bb2 Qe8 21. Qg4 fxg5 22.
fxg5 Qg6 23. Rg3 Nd7 24. Ncd5 exd5 25. exd5 Bc8 26. Be4 Nf8 27. Bf5 h5 28. Qf4
Nfe6 29. dxe6 Nxe6 30. Qe4 Nxg5 31. Bxg6 Nxe4 32. Bxe4 1-0